| 000 | 00727cam a22002533a 4500 | ||
|---|---|---|---|
| 001 | 5200 | ||
| 003 | PGUSA | ||
| 005 | 20140828083114.0 | ||
| 008 | 050817s2005||||xxu|||||s|||||000 1 eng d | ||
| 040 |
_aPGUSA _beng |
||
| 042 | _adc | ||
| 050 | 4 | _aPT | |
| 100 | 1 |
_aKafka, Franz, _d1883-1924 |
|
| 245 | 1 | 0 |
_aMetamorphosis _h[electronic resource] / _cFranz Kafka |
| 260 |
_bProject Gutenberg, _c2005 |
||
| 506 | _aCopyrighted. Read the copyright notice inside this book for details. | ||
| 516 | _aElectronic text | ||
| 653 | _aPsychological fiction | ||
| 653 | _aMetamorphosis -- Fiction | ||
| 700 | 1 | _aWyllie, David | |
| 830 | 0 |
_aProject Gutenberg _v5200 |
|
| 856 | 4 | 0 | _uhttp://www.gutenberg.org/ebooks/5200 |
| 942 | _cEB | ||
| 999 |
_c234529 _d234529 |
||